[Event "Faxe EMT"]
[Site "Faxe"]
[Date "2013.05.15"]
[Round "6"]
[White "Kjeldgaard, Lennart"]
[Black "Brinkhard, Anders"]
[Result "1-0"]
[WhiteElo "1524"]
[BlackElo "1518"]
[PlyCount "41"]
[EventDate "2013.04.03"]
[EventType "swiss"]
[EventRounds "7"]
[EventCountry "DEN"]
[SourceTitle "EXT 2023"]
[Source "ChessBase"]
[SourceDate "2022.10.05"]
[SourceVersion "1"]
[SourceVersionDate "2022.10.05"]
[SourceQuality "1"]

1. e4 e6 2. d4 d5 3. e5 c5 4. c3 Nc6 5. Be3 cxd4 6. cxd4 Qb6 7. Qd2 Bd7 8. Nf3 Bb4 9. Nc3 Nge7 10. Bd3 g6 11. Rc1 Bxc3 12. Rxc3 a5 13. 0-0 a4 14. Rfc1 Nb4 15. Bb1 0-0 16. Bg5 Nf5 17. Bf6 Rfc8 18. Bxf5 Rxc3 19. Rxc3 exf5 20. Qh6 Rc8 21. Qg7# 1-0

[Event "Faxe EMT"]
[Site "Faxe"]
[Date "2011.04.23"]
[Round "3"]
[White "Petersen, Bent Wester"]
[Black "Kjeldgaard, Lennart"]
[Result "1-0"]
[WhiteElo "1884"]
[BlackElo "1565"]
[PlyCount "117"]
[EventDate "2011.04.11"]
[EventType "swiss"]
[EventRounds "7"]
[EventCountry "DEN"]
[SourceTitle "EXT 2023"]
[Source "ChessBase"]
[SourceDate "2022.10.05"]
[SourceVersion "1"]
[SourceVersionDate "2022.10.05"]
[SourceQuality "1"]

1. d4 d5 2. c4 c6 3. Nf3 Bf5 4. Nc3 e6 5. e3 Nf6 6. Bd3 Bxd3 7. Qxd3 Bb4 8. 0-0 Bxc3 9. bxc3 0-0 10. cxd5 Qxd5 11. c4 Qe4 12. Qb3 b6 13. a4 Nbd7 14. Bb2 Rab8 15. Rfd1 Rfd8 16. Qc3 a6 17. Ba3 b5 18. Bd6 Ra8 19. Bg3 Nb6 20. axb5 axb5 21. Nd2 Qf5 22. Bc7 Nbd5 23. cxd5 Nxd5 24. Rxa8 Rxa8 25. Qxc6 Nxc7 26. Qxc7 h6 27. e4 Qg5 28. Nf3 Qg4 29. Qb7 Ra3 30. h3 Qh5 31. Rb1 Qg6 32. Ne5 Qf6 33. Qxb5 Ra2 34. Rf1 g5 35. Ng4 Qg6 36. Qb8+ Kg7 37. Qe5+ Kf8 38. Rb1 Ra8 39. Qh8+ Qg8 40. Qxh6+ Qg7 41. Qxg7+ Kxg7 42. g3 Ra4 43. Rd1 Kg6 44. Kg2 Ra2 45. Ne3 Kf6 46. h4 gxh4 47. gxh4 Ra8 48. f4 Rg8+ 49. Kh3 Ke7 50. h5 Rh8 51. Kh4 Rg8 52. Ng4 Rh8 53. Rb1 f5 54. Rb7+ Kd6 55. exf5 exf5 56. Nf6 Ke6 57. Kg5 Rd8 58. d5+ Kd6 59. Rd7+ 1-0